000 01469cam a22002174a 4500
999 _c5740
_d5740
020 _a0324162960
020 _a9780324162967
050 0 0 _aHV6691
_b.Al1
100 1 _aAlbrecht, W. Steve.
245 1 0 _aFraud examination /
_cW. Steve Albrecht, Chad O. Albrecht, contributing editor.
260 _aMason, OH :
_bThomson South-Western,
_cc2003.
300 _axxii, 530 p. :
_bill. ;
_c24 cm.
500 _aIncludes index.
505 _apt. 1. Introduction to Fraud -- Ch. 1. The Nature of Fraud -- Ch. 2. Who Commits Fraud and Why -- Ch. 3. Fighting Fraud: An Overview -- pt. 2. Fraud Prevention -- Ch. 4. Preventing Fraud -- pt. 3. Fraud Detection -- Ch. 5. Recognizing the Symptoms of Fraud -- Ch. 6. Proactive Approaches to Detecting Fraud -- pt. 4. Fraud Investigation -- Ch. 7. Investigating Theft and Concealment -- Ch. 8. Conversion Investigation Methods -- Ch. 9. Inquiry Methods and Fraud Reports -- pt. 5. Management Fraud -- Ch. 10. Financial Statement Fraud -- Ch. 11. Revenue and Inventory Frauds -- Ch. 12. Liability, Asset, and Inadequate Disclosure Frauds -- pt. 6. Other Types of Fraud -- Ch. 13. Fraud Against Organizations -- Ch. 14. Bankruptcy and Divorce Fraud -- Ch. 15. Fraud in E-Commerce -- pt. 7. Resolution of Fraud -- Ch. 16. Legal Follow-Up --
650 0 _aFraud.
650 0 _aFraud
_xPrevention.
650 0 _aForensic accounting.
650 0 _aFraud investigation.
700 1 _aAlbrecht, Chad O.
942 _cBK